000 00523nmm a2200169Ia 4500
008 251105s9999||||xx |||||||||||||||||und||
020 _a9789681663964
041 _aspa
100 _aMansour Manzur, Vivian
245 0 _aEl peinado de la tía Chofi
264 _a[México D.C., Mexico] :
_bFondo de Cultura Económica,
_c2021
300 _a30 páginas
490 _aLos Especiales de A la Orilla del Viento
650 _aAges 9-12 Years Old
856 _uhttps://public.digitaliapublishing.com/a/156411
942 _cCF
999 _c96918
_d96918